Movies Quiz

Random Movies or Pokémon Quiz
Score 0/12 Timer 10:00
0 Plays Today
Pokemon Featured Movie % Correct
Mewtwo, MewMewtwo Strikes Back
73.8%
Articuno, Zapdos, Moltes, Lugia, SlowkingThe Power Of One
70.8%
JirachiJirachi Wishmaker
61.5%
Latias, LatiosPokemon Heroes
60%
DarkraiThe Rise Of Darkrai
56.9%
Celebi, SuicunePokemon 4ever
55.4%
Entei, UnownSpell Of The Unown
53.8%
Deoxys, MunchlaxDestiny Deoxys
53.8%
Lucario, MewLucario And The Mystery Of Mew
53.8%
Arceus, Dialga, PalkiaArceus And The Jewel Of Life
50.8%
Giratina, ShayminGiratina And The Sky Warrior
47.7%
ManaphyPokemon Ranger And The Temple Of The Sea
40%
Remove Ads.
Support Sporcle.
Get the best of Sporcle when you Go Orange. This ad-free experience offers more features, more stats, and more fun while also helping to support Sporcle. Thank you for becoming a member.

You're not logged in!

Compare scores with friends on all Sporcle quizzes.
OR
Log In

Sporcle TV

Today on Sporcle TV


Watch our educational content, quiz creation guides, and fun videos on Sporcle TV.

Show Comments

Extras

Created Dec 12, 2009ReportNominate
Tags:Pokémon Quiz, Featured

Top Quizzes Today


Score Distribution

Paid Content

Your Account Isn't Verified!

In order to create a playlist on Sporcle, you need to verify the email address you used during registration. Go to your Sporcle Settings to finish the process.

Report this User

Report this user for behavior that violates our Community Guidelines.

Details: